000 00749nam a22002411 4500
001 105171
003 ES-MaACL
005 20230906183813.0
007 t|
008 060615s1958 sp ||||0| spa d
016 7 _zIND9200523387
040 _aM-BN
_bspa
_cA2
080 _a378.4(46)
100 1 _aLópez Medel, Jesús.
_973768
245 1 0 _aA las puertas de la Universidad
_b: Curso de iniciación universitaria /
_cJesús López Medel.
260 _a[Madrid] :
_bEuramérica,
_c[1958] (
_fMeri)
300 _a183 p ;
_c19 cm.
490 1 _aCuadernos del C.E.U. ;
_v2
650 1 4 _aUniversidades-
_zEspaña.
_917685
830 0 _aCuadernos del C.E.U. ;
_v2
_9184967
852 _aES-MaACL
_jC-15152
_bR.42483
999 _c105171
_d105171